The Farmer review of the UK construction labour model (Record no. 115976)
[ view plain ]
| 000 -LEADER | |
|---|---|
| fixed length control field | 01865cas a2200229 4500 |
| 001 - CONTROL NUMBER | |
| control field | L159530 |
| 008 - FIXED-LENGTH DATA ELEMENTS--GENERAL INFORMATION | |
| fixed length control field | 150508n2016 eng u |
| 035 ## - SYSTEM CONTROL NUMBER | |
| System control number | (Sirsi) u159530 |
| 041 0# - LANGUAGE CODE | |
| Language code of text/sound track or separate title | eng |
| 100 1# - MAIN ENTRY--PERSONAL NAME | |
| Personal name | Farmer, Mark |
| 245 04 - TITLE STATEMENT | |
| Title | The Farmer review of the UK construction labour model |
| Remainder of title | modernise or die |
| -- | time to decide the industry's future |
| Medium | [electronic resource] |
| 260 ## - PUBLICATION, DISTRIBUTION, ETC. | |
| Date of publication, distribution, etc. | 2016 |
| 505 2# - FORMATTED CONTENTS NOTE | |
| Formatted contents note | Construction Leadership Council Foreword -- Introduction -- Executive Summary -- A Symptomatic Analysis of the Construction Industry -- A Diagnostic Assessment of Causation -- A ?Business as Usual? Prognosis for the Future -- Recommendations ? A Treatment Plan for Transformational Change -- Keeping the Industry under Observation ? Success Factors -- Next Steps -- Farmer Review: Original Terms of Reference -- Abbreviations and Acronyms -- Acknowledgements |
| 520 ## - SUMMARY, ETC. | |
| Summary, etc. | This review adopts a structure of evaluating the construction industry?s current and future state which has a strong medical process analogy: identify the symptoms, diagnose the root causes, provide a prognosis, establish a treatment plan for recovery, keeping the industry under observation. Its recommendations are focussed on finding and unlocking the drivers of change, including action to support predictability of demand, and on leadership to own the change. That is in part a role for the Leadership Council and its workstreams, though it will depend on the industry and its clients joining the journey. |
| 650 24 - SUBJECT ADDED ENTRY--TOPICAL TERM | |
| Topical term or geographic name entry element | LABOUR SKILLS |
| 650 24 - SUBJECT ADDED ENTRY--TOPICAL TERM | |
| Topical term or geographic name entry element | LABOUR SHORTAGES |
| 651 #4 - SUBJECT ADDED ENTRY--GEOGRAPHIC NAME | |
| Geographic name | United Kingdom |
| 690 ## - LOCAL SUBJECT ADDED ENTRY--TOPICAL TERM (OCLC, RLIN) | |
| Topical term or geographic name as entry element | CONSTRUCTION INDUSTRY |
| 710 1# - ADDED ENTRY--CORPORATE NAME | |
| Corporate name or jurisdiction name as entry element | Construction Leadership Council |
| 856 40 - ELECTRONIC LOCATION AND ACCESS | |
| Uniform Resource Identifier | <a href="https://www.constructionleadershipcouncil.co.uk/wp-content/uploads/2016/10/Farmer-Review.pdf">https://www.constructionleadershipcouncil.co.uk/wp-content/uploads/2016/10/Farmer-Review.pdf</a> |
| Public note | View the item free of charge from www.constructionleadershipcouncil.co.uk |
| 942 ## - ADDED ENTRY ELEMENTS (KOHA) | |
| Suppress in OPAC | 0 |
| Withdrawn status | Lost status | Source of classification or shelving scheme | Damaged status | Not for loan | Home library | Current library | Shelving location | Date acquired | Total Checkouts | Full call number | Barcode | Date last seen | Copy number | Price effective from | Koha item type |
|---|---|---|---|---|---|---|---|---|---|---|---|---|---|---|---|
| Dewey Decimal Classification | Virtual | Virtual | Online | 22/08/2017 | ONLINE PUBLICATION | 159530-2001 | 06/08/2019 | 1 | 06/08/2019 | Book |